Psychology (Record no. 66899)

MARC details
000 -LEADER
fixed length control field 00416nam a22001697a 4500
020 ## - INTERNATIONAL STANDARD BOOK NUMBER
ISBN 1319132103
020 ## - INTERNATIONAL STANDARD BOOK NUMBER
ISBN 978-1319132101
082 ## - DEWEY DECIMAL CLASSIFICATION NUMBER
Classification number 150GMYO
100 ## - MAIN ENTRY--AUTHOR NAME
Personal name Myers, David G.
245 ## - TITLE STATEMENT
Title Psychology
260 ## - PUBLICATION, DISTRIBUTION, ETC. (IMPRINT)
Place of publication New York:
Name of publisher Worth Publishers.
Year of publication 2010.
300 ## - PHYSICAL DESCRIPTION
Number of Pages 734p. ;
650 ## - SUBJECT ADDED ENTRY--TOPICAL TERM
Topical Term Psychology
700 ## - ADDED ENTRY--PERSONAL NAME
Personal name DeWall, C. Nathan
856 ## - ELECTRONIC LOCATION AND ACCESS
Uniform Resource Identifier http://10.10.170.122:8080/browse/book/23881
942 ## - ADDED ENTRY ELEMENTS (KOHA)
Koha item type Books
Holdings
Withdrawn status Lost status Home library Current library Date acquired Cost, normal purchase price Full call number Accession Number Koha item type
    Central Library, QUEST, Nawabshah Central Library, QUEST, Nawabshah 29/04/2021 19774.00 150GMYO 58542 Books